<?xml version="1.0" encoding="UTF-8"?>
<record
    xmlns:xsi="http://www.w3.org/2001/XMLSchema-instance"
    xsi:schemaLocation="http://www.loc.gov/MARC21/slim http://www.loc.gov/standards/marcxml/schema/MARC21slim.xsd"
    xmlns="http://www.loc.gov/MARC21/slim">

  <leader>00787nam a22001817a 4500</leader>
  <controlfield tag="005">20230914115323.0</controlfield>
  <datafield tag="010" ind1=" " ind2=" ">
    <subfield code="a">HIN-125976</subfield>
  </datafield>
  <datafield tag="020" ind1=" " ind2=" ">
    <subfield code="a">9789386791757</subfield>
    <subfield code="c">460.00</subfield>
  </datafield>
  <datafield tag="035" ind1=" " ind2=" ">
    <subfield code="a">HN-98322</subfield>
  </datafield>
  <datafield tag="037" ind1=" " ind2=" ">
    <subfield code="b">DBAD/PUB</subfield>
  </datafield>
  <datafield tag="082" ind1=" " ind2=" ">
    <subfield code="a">000</subfield>
  </datafield>
  <datafield tag="100" ind1=" " ind2=" ">
    <subfield code="a">&#x930;&#x93E;&#x92F; , &#x91A;&#x915;&#x94D;&#x930;&#x927;&#x930; </subfield>
    <subfield code="9">56604</subfield>
  </datafield>
  <datafield tag="245" ind1=" " ind2=" ">
    <subfield code="a">&#x909;&#x92A;&#x915;&#x93E;&#x930; &#x930;&#x940;&#x91C;&#x928;&#x93F;&#x902;&#x917;  360;&#x92D;&#x93E;&#x937;&#x93F;&#x915; &#x905;&#x935;&#x902; &#x905;&#x92D;&#x93E;&#x937;&#x93F;&#x915;  /</subfield>
  </datafield>
  <datafield tag="260" ind1=" " ind2=" ">
    <subfield code="a">&#x906;&#x917;&#x930;&#x93E; </subfield>
    <subfield code="b">&#x909;&#x92A;&#x915;&#x93E;&#x930; &#x92A;&#x94D;&#x930;&#x915;&#x93E;&#x936;&#x928; </subfield>
  </datafield>
  <datafield tag="270" ind1=" " ind2=" ">
    <subfield code="a">1 &#x938;&#x94D;&#x91F;&#x947;&#x91F; &#x92C;&#x948;&#x902;&#x915; &#x915;&#x93E;&#x932;&#x94B;&#x928;&#x940; &#x928;&#x93F;&#x915;&#x91F; &#x916;&#x902;&#x926;&#x93E;&#x930;&#x940; &#x906;&#x917;&#x930;&#x93E; &#x92E;&#x925;&#x941;&#x930;&#x93E; &#x92C;&#x93E;&#x908; &#x92A;&#x93E;&#x938; </subfield>
    <subfield code="b">&#x906;&#x917;&#x930;&#x93E; </subfield>
    <subfield code="e">282002 </subfield>
  </datafield>
  <datafield tag="300" ind1=" " ind2=" ">
    <subfield code="a">400 &#x905;&#x92A;&#x94D;&#x92A;&#x94D;&#x930;&#x94B;&#x915;&#x94D;&#x938; &#x92A;&#x943;.</subfield>
    <subfield code="c">28 &#x938;&#x947;&#x92E;&#x940; (&#x905;&#x91C;&#x93F;&#x932;&#x94D;&#x926;)</subfield>
  </datafield>
  <datafield tag="942" ind1=" " ind2=" ">
    <subfield code="c">HN</subfield>
    <subfield code="2">ddc</subfield>
    <subfield code="h">000 </subfield>
    <subfield code="m">&#x930;&#x93E;&#x92F;&#x91A;</subfield>
  </datafield>
  <datafield tag="999" ind1=" " ind2=" ">
    <subfield code="c">198116</subfield>
    <subfield code="d">198116</subfield>
  </datafield>
  <datafield tag="952" ind1=" " ind2=" ">
    <subfield code="0">0</subfield>
    <subfield code="1">0</subfield>
    <subfield code="4">0</subfield>
    <subfield code="7">0</subfield>
    <subfield code="8">NFIC</subfield>
    <subfield code="a">BN</subfield>
    <subfield code="b">BN</subfield>
    <subfield code="d">2023-09-14</subfield>
    <subfield code="e">DBAD/PUB</subfield>
    <subfield code="g">460.00</subfield>
    <subfield code="l">15</subfield>
    <subfield code="m">5</subfield>
    <subfield code="o">000  &#x930;&#x93E;&#x92F;&#x91A;</subfield>
    <subfield code="p">HN-98322</subfield>
    <subfield code="r">2026-03-17 00:00:00</subfield>
    <subfield code="s">2026-02-02</subfield>
    <subfield code="t">1</subfield>
    <subfield code="v">460.00</subfield>
    <subfield code="w">2023-09-14</subfield>
    <subfield code="y">HN</subfield>
  </datafield>
</record>
